|
|
|
|
| LEADER |
00000nab a2200000 a 4500 |
| 001 |
vtls009954078 |
| 003 |
SK-MaSNL |
| 005 |
20260305042738.0 |
| 008 |
250506c20082009xo mr|p|||an |000 b|slo |
| 015 |
|
|
|a SNBRB2009/09
|
| 035 |
|
|
|a (uuid)ad0cb443-7524-4b5e-a8ed-9ce106bab447
|
| 035 |
|
|
|a urn:nbn:sk:snk-ab2hbe
|
| 035 |
|
|
|a (urnnbn)urn:nbn:sk:snk:ar-a02f86
|
| 038 |
|
|
|a SPK
|
| 040 |
|
|
|a SNKBUCL
|b slo
|c SNKBUCL
|e AACR2
|
| 041 |
0 |
|
|a slo
|b slo
|
| 044 |
|
|
|a xo
|c SK
|
| 072 |
|
7 |
|a 373.2/.3
|x Predškolská a primárna výchova a vzdelávanie
|2 konspekt
|
| 072 |
|
7 |
|a 37
|x Výchova a vzdelávanie
|2 konspekt
|
| 080 |
|
|
|a 373.24
|2 1997
|
| 080 |
|
|
|a 37
|x (083.94)
|2 1997
|
| 100 |
1 |
|
|a Jakálová, Jarmila
|4 aut
|9 48637
|
| 245 |
1 |
0 |
|a Projekt realizácie edukačnej činnosti materskej školy podľa školského vzdelávcieho programu
|c Jarmila Jakálová
|
| 504 |
|
|
|a Bibliogr. odkazy
|
| 546 |
|
|
|a Res. slov.
|
| 650 |
0 |
7 |
|a materské školy
|2 snkbucl
|9 1278
|
| 650 |
0 |
7 |
|a edukácia
|2 snkbucl
|9 31370
|
| 650 |
0 |
7 |
|a vzdelávacie programy
|2 snkbucl
|9 4069
|
| 773 |
0 |
|
|t Naša škola
|g Roč. 12., č. 1(2008/2009), s. 16-19
|
| 850 |
|
|
|a Slovenská národná knižnica
|
| 852 |
|
|
|a Slovenská národná knižnica
|
| 954 |
|
|
|a odborná, vedecká literatúra pôvodná (slovenská)
|2 lita
|
| 958 |
|
|
|a article27
|
| 958 |
|
|
|a NB
|2 spk
|
| 958 |
|
|
|a OND
|
| 958 |
|
|
|a EUIPO
|
| 999 |
|
|
|c 3350839
|d 3352769
|